Przetłumacz z polskiego na niemiecki sezon 5 część 1 - klikanie - Statystyki

Ogólne statystyki
  • Ten quiz został rozwiązany 7 razy
  • Średni wynik to 16 z 17
Statystyki odpowiedzi
Hint Odpowiedź % Poprawnych
Ochota die Lust
100%
Impreza die Party
100%
Robić Imprezę eine Party machen
100%
Iść coś zjeść essen gehen
100%
Dobry pomysł Gute idee
100%
Nie mieć czasu keine Zeit haben
100%
Iść pływać schwimmen gehen
100%
Iść na zakupy shoppen gehen
100%
Wiedzieć wissen
100%
Mieć czas Zeit haben
100%
Dzwonić anrufen
83%
Wychodzić ausgehen
83%
Pomysł die Idee
83%
Nie mieć ochoty keine Lust haben
83%
Mieć ochotę Lust haben
83%
Zgoda Einverstanden
67%
Towarzyszyć komuś mitkommen
67%
Nie znaleziono quizów pasujących do podanych kryteriów
Rozkład punktacji
Procent ludzi z każdym wynikiem
Percentyl według liczby udzielonych odpowiedzi
Twoja historia wyników
Nie rozwiązałeś tego quizu